Megjegyzések Sophokléshoz
Elmentve itt :
| Szerző: | |
|---|---|
| További közreműködők: | |
| Dokumentumtípus: | Könyv része |
| Megjelent: |
2010
|
| Sorozat: | Acta antiqua et archaeologica : supplementum
13 Corollarium : tanulmányok a hatvanöt éves Tar Ibolya tiszteletére 13 |
| Kulcsszavak: | Klasszika-filológia |
| Tárgyszavak: | |
| Online Access: | http://acta.bibl.u-szeged.hu/32801 |
| LEADER | 00810naa a2200229 i 4500 | ||
|---|---|---|---|
| 001 | acta32801 | ||
| 005 | 20210916164806.0 | ||
| 008 | 161017s2010 hu o 0|| hun d | ||
| 022 | |a 0139-2743 | ||
| 040 | |a SZTE Egyetemi Kiadványok Repozitórium |b hun | ||
| 041 | |a hun | ||
| 100 | 1 | |a Mészáros Tamás | |
| 245 | 1 | 0 | |a Megjegyzések Sophokléshoz |h [elektronikus dokumentum] / |c Mészáros Tamás |
| 260 | |c 2010 | ||
| 300 | |a 182-186 | ||
| 490 | 0 | |a Acta antiqua et archaeologica : supplementum |v 13 | |
| 490 | 0 | |a Corollarium : tanulmányok a hatvanöt éves Tar Ibolya tiszteletére |v 13 | |
| 650 | 4 | |a Bölcsészettudományok | |
| 650 | 4 | |a Nyelvek és irodalom | |
| 695 | |a Klasszika-filológia | ||
| 700 | 0 | 3 | |a Sophokles |
| 856 | 4 | 0 | |u http://acta.bibl.u-szeged.hu/32801/1/antiqua_suppl_013_182-186.pdf |z Dokumentum-elérés |